| 000 | 00640nam a2200217 i 4500 | ||
|---|---|---|---|
| 001 | bg | ||
| 100 | 1 | _aGIZBERT-STUDNICKI, Paweł | |
| 245 | 0 |
_aSNOBOL 4 / _cPaweł Gizbert-Studnicki, Jerzy Karczmarczuk. |
|
| 260 |
_aWarszawa : _bWydawnictwa Naukowo-Techniczne, _c1984. |
||
| 300 |
_a254, [6] s. : _brys. ; _c24 cm. |
||
| 490 | 1 | _aBiblioteka Inżynierii Oprogramowania | |
| 700 | 1 | _aKARCZMARCZUK, Jerzy | |
| 830 | _aBiblioteka Inżynierii Oprogramowania | ||
| 020 | _a8320405467 | ||
| 040 | _cBPK | ||
| 041 | _apol | ||
| 080 | _a519.682(07) | ||
| 920 | _a83-204-0546-7 | ||
| 942 | _cKS | ||
| 008 | s pl f |000 0 pol | ||
| 999 |
_c22617 _d22617 |
||
| 856 |
_uhttp://koha.tu.koszalin.pl/cgi-bin/koha/opac-detail.pl?biblionumber=22617 _yKatalog online BPK |
||